000 00365nab a2200133Ia 4500
003 ES-SlBCS
005 20210601131731.0
008 140529s1952 xxu||||| |||| 00| 0 fre d
041 _afre
100 1 _aPlanche, Henri
_9188410
245 0 0 _aEt nunc manet in te
_c Henri Planche
773 0 _tVie Intelectuelle (La)
_gnº. 4, 1952, págs. 75-78
_wRev907
942 _cAR
999 _c567854
_d567854